| 000 | 00341nam a2200097Ia 4500 | ||
|---|---|---|---|
| 008 | 160523s9999 xx 000 0 und d | ||
| 245 | _aSupply Chain Management - Applications and Simulations | ||
| 245 | _cEdited by Mamun Habib | ||
| 260 | _c2011 | ||
| 856 | _uhttp://www.intechopen.com/books/supply-chain-management-applications-and-simulations | ||
| 999 |
_c294906 _d294906 |
||